000 01033cam a2200265 i 4500
001 126342
005 20230404125936.0
008 170825s2005 ag 000 0 spa d
020 _a9789879017449
020 _a9879017447
041 _aspa
050 1 4 _a101 F 2849.3
_bB587d 2005
100 1 _aBielsa, Rafael,
_d1953-
245 1 0 _aDesde el sur :
_bconversaciones con Hernán Gómez /
_cRafael Bielsa, Hernán Gómez
260 _aBuenos Aires :
_bAltamira,
_c2005
300 _a191 p. :
_bill.;
_c23 cm
500 _a" ... serie de entrevistas que tuvieron lugar en distintos moementos y fueron enriquecidas a partir de discursos, ensayos y artiþculos periodiþsticos escritos por Bielsa ..."--Page 16. "El mundo en cuestioþn"--Contratapa,
600 1 0 _aBielsa, Rafael,
_d1953-
_vInterviews.
650 0 _aStatesmen
_zArgentina
_vInterviews.
651 0 _aArgentina
_xForeign relations
_y2002-
650 4 _aPresidentes
_zArgentina
700 1 _aGómez, Hernán,
_q(Gómez Bruera), 1976-
942 _2lcc
_cbk
946 _adpf
999 _c7790
_d7790